<?xml version="1.0" encoding="UTF-8"?>
<marc:record xmlns:marc="http://www.loc.gov/MARC21/slim">
   <marc:leader>00000nam a2200000 a 4500</marc:leader>
   <marc:datafield ind1="1" ind2=" " tag="100">
      <marc:subfield code="a">Misslin, Sylvie</marc:subfield>
      <marc:subfield code="4">aut</marc:subfield>
      <marc:subfield code="e">Verfasser/-in</marc:subfield>
   </marc:datafield>
   <marc:datafield ind1="1" ind2=" " tag="100">
      <marc:subfield code="a">Piu, Amandine</marc:subfield>
      <marc:subfield code="4">aut</marc:subfield>
      <marc:subfield code="e">Verfasser/-in</marc:subfield>
   </marc:datafield>
   <marc:datafield ind1="0" ind2="0" tag="245">
      <marc:subfield code="a">Rette das Märchenland!</marc:subfield>
   </marc:datafield>
   <marc:datafield ind1="0" ind2="0" tag="245">
      <marc:subfield code="c">Sylvie Misslin ; Amandine Piu ; aus dem Französischen von Bernd Stratthaus</marc:subfield>
   </marc:datafield>
   <marc:datafield ind1=" " ind2="1" tag="264">
      <marc:subfield code="a">Wien</marc:subfield>
      <marc:subfield code="b">Annette Betz</marc:subfield>
      <marc:subfield code="c">2024</marc:subfield>
   </marc:datafield>
   <marc:datafield ind1="1" ind2=" " tag="520">
      <marc:subfield code="a">Quelle: bn.bibliotheksnachrichten (http://www.biblio.at/literatur/bn/index.html); #Autor: Yasmin Pranger; #Ein Buch mit vielen Möglichkeiten  entscheide selbst über den Verlauf des märchenhaften Abenteuers! (ab 4) (JD)#Als Ritterin Eleanor und Ritter Arthur von einem verschwundenen Mädchen in rotem Mantel erfahren, begeben sie sich sofort auf dessen Suche. Doch wo sollen sie anfangen? Die jungen Leser*innen helfen ihnen bei der Entscheidung. Je nach Wahl geht die Geschichte auf einer anderen Seite weiter, die durch ein Symbol im seitlichen Register gekennzeichnet ist. Märchenliebhaber*innen lernen quer durch das Buch verschiedene Fabelwesen und Märchenfiguren kennen, wobei am Ende eine große Überraschung wartet. Detailreiche und farbenfrohe Illustrationen ergänzen die eher kurzen Geschichten. Die Bilder überzeugen vor allem durch die detaillierte Mimik und Gestik der Figuren, die das Geschehen lebendig werden lassen, sowie durch die Stimmigkeit zwischen kontrastreichen Farben und deren gezielten Einsatz in feinen Linien. Dieses interaktive Märchenabenteuer fordert geradezu zum Immer-wieder-Lesen auf, wobei die hochwertige Aufmachung dieses Buches diesen Vorlesespaß adäquat unterstützt. Groß und Klein sind zum Märchenraten eingeladen und für Abwechslung ist in diesem Mitmach-Buch immer gesorgt. Ein großer Lesespaß für alle Märchenfans!</marc:subfield>
   </marc:datafield>
   <marc:datafield ind1=" " ind2=" " tag="020">
      <marc:subfield code="a">9783219120516</marc:subfield>
      <marc:subfield code="9">9783219120516</marc:subfield>
   </marc:datafield>
   <marc:datafield ind1=" " ind2=" " tag="041">
      <marc:subfield code="a">ger</marc:subfield>
   </marc:datafield>
   <marc:datafield ind1=" " ind2=" " tag="300">
      <marc:subfield code="a">38 ungezählte Seiten</marc:subfield>
   </marc:datafield>
</marc:record>
